10 najgorszych europejskich lig w Piłce Nożnej - Statystyki

Ogólne statystyki
  • Ten quiz został rozwiązany 78 razy
  • Średni wynik to 7 z 10
Statystyki odpowiedzi
# Liga % Poprawnych
55 sanmaryńska / Campionato Sanmarinese
92%
53 andorska / Primera Divisió
90%
48 luksemburska / BGL Ligue
85%
51 macedońsko-północna / Prva Makedonska Fudbalska Liga
75%
52 białoruska / Wyszejszaja liha
73%
47 czarnogórska / Meridianbet 1. CFL
70%
49 walijska / Cymru Premier
66%
54 gibraltarska / Gibraltar Football League
62%
46 irlandzko-północna / Premiership
62%
50 gruzińska / Erovnuli Liga
48%
Nie znaleziono quizów pasujących do podanych kryteriów
Rozkład punktacji
Procent ludzi z każdym wynikiem
Percentyl według liczby udzielonych odpowiedzi
Twoja historia wyników
Nie rozwiązałeś tego quizu